Plats avec des Câpres - Mort Subite - Statistiques

Statistiques générales
  • Ce quiz a été pris 28 fois
  • Le résultat moyen est 4 sur 16
Answers on the Grid
Answers color-coded by a green-red scale on the quiz's grid according to % correct below.
Königsberger Klopse
Spaghetti alla puttanesca
Caponata
Vitello tonnato
Pollo con capperi
Spaghetti allo scammaro
Bagel au saumon fumé de Montréal
Lox on bagel
Skate in Brown Butter
Dakos
Involtini di pesce spada alla siciliana
Canapés à la tapenade
Rovelline lucchesi
Anchoïade et crudités
Kaparosalata et pain daktyla
Steak tartare
Salade César
Club sandwich
Hachis parmentier
Bryndzové halušky
Smoked meat de Montréal
Pastrami on rye
Spaghetti alla Nerano
Spaghetti alla carbonara
Bigoli con l'anatra
Cacio e pepe
Gravlax
Fabes con almejas
 
Statistiques - réponses
Réponse % Correct
Pollo con capperi
50%
Steak tartare
42%
Caponata
38%
Vitello tonnato
38%
Involtini di pesce spada alla siciliana
33%
Bagel au saumon fumé de Montréal
25%
Spaghetti alla puttanesca
25%
Anchoïade et crudités
21%
Kaparosalata et pain daktyla
21%
Canapés à la tapenade
17%
Königsberger Klopse
13%
Lox on bagel
13%
Spaghetti allo scammaro
8%
Dakos
4%
Rovelline lucchesi
4%
Skate in Brown Butter
0%
Aucun quiz correspondant
Distribution des résultats
% des personnes avec chaque résultat
Percentile par nombre de réponses
Votre historique - résultats
Vous n’avez pas pris ce quiz